[Event "Cuiaba Contaud op"]
[White "Setti, Eduardo Niewinski"]
[Black "Oliveira, Joao Victor Da Silv"]
[Site "Cuiaba"]
[Round "6"]
[Result "1-0"]
[Date "2024.11.24"]
[WhiteElo "1981"]
[BlackElo "1754"]
[PlyCount "57"]
[EventDate "2024.11.22"]
[EventType "swiss"]
[EventRounds "6"]
[EventCountry "BRA"]
[SourceTitle "CB49_2024"]
[SourceDate "2024.12.04"]
[SourceVersion "1"]
[SourceVersionDate "2024.12.04"]
[SourceQuality "1"]

1. Nf3 d5 2. b3 c5 3. e3 Nf6 4. Be2 g6 5. Bb2 Bg7 6. 0-0 0-0 7. d4 b6 8. c4 e6 9. Nbd2 Bb7 10. dxc5 bxc5 11. Rc1 Nbd7 12. Qc2 Rc8 13. Rfd1 Qc7 14. h3 Rfe8 15. Nb1 Ne4 16. Bxg7 Kxg7 17. Nc3 Ndf6 18. cxd5 Nxc3 19. Qxc3 exd5 20. b4 c4 21. g4 h6 22. h4 g5 23. Nxg5 Kg6 24. h5+ Kg7 25. Nf3 Qd7 26. Nh4 Re6 27. Rd4 Kg8 28. Nf5 Ne4 29. Rxe4 1-0

[Event "Cuiaba Contaud op"]
[White "Oliveira, Joao Victor Da Silv"]
[Black "Franco Filho, Sinvaldo Barreiros"]
[Site "Cuiaba"]
[Round "4"]
[Result "1-0"]
[Date "2022.10.27"]
[WhiteElo "1528"]
[BlackElo "1648"]
[PlyCount "95"]
[EventDate "2022.10.25"]
[EventType "swiss"]
[EventRounds "9"]
[EventCountry "BRA"]
[SourceTitle "EXT 2024"]
[Source "ChessBase"]
[SourceDate "2023.10.10"]
[SourceVersion "1"]
[SourceVersionDate "2023.10.10"]
[SourceQuality "1"]

1. e4 e6 2. d3 d5 3. Qe2 dxe4 4. dxe4 b6 5. Nd2 e5 6. Ngf3 Ba6 7. Nc4 Bd6 8. c3 Nd7 9. Nxd6+ cxd6 10. Qxa6 Ngf6 11. Bg5 0-0 12. Be2 h6 13. Bxf6 Nxf6 14. Qd3 Qc7 15. 0-0 Rad8 16. c4 Qb7 17. Nd2 a5 18. Bf3 Nd7 19. a4 Nc5 20. Qc2 Qe7 21. Nb3 Ne6 22. g3 Rc8 23. Bg4 Rc7 24. Bxe6 Qxe6 25. Rac1 f5 26. exf5 Rxf5 27. Rfe1 Qf6 28. Re2 h5 29. Qe4 Rf7 30. Rcc2 Qg5 31. Nc1 Rf4 32. Qd5 Rd4 33. Qc6 Rd1+ 34. Kg2 Rxc1 35. Rxc1 Qxc1 36. Qxd6 Qxc4 37. Rxe5 Rf6 38. Qd8+ Kh7 39. Rxh5+ Kg6 40. Qe8+ Rf7 41. Qb5 Qe4+ 42. Kh3 Qe6+ 43. Kh4 Qf6+ 44. Qg5+ Qxg5+ 45. Rxg5+ Kh6 46. Rb5 Rxf2 47. Rxb6+ g6 48. g4 1-0

[Event "BRA-ch 87th"]
[White "Marquezini, Paulo Eduardo Seben"]
[Black "Oliveira, Joao Victor Da Silv"]
[Site "Cuiaba"]
[Round "7"]
[Result "1/2-1/2"]
[Date "2021.11.01"]
[WhiteElo "1760"]
[BlackElo "1433"]
[PlyCount "140"]
[EventDate "2021.10.28"]
[EventType "swiss"]
[EventRounds "11"]
[EventCountry "BRA"]
[SourceTitle "CBM 205 Extra"]
[Source "ChessBase"]
[SourceDate "2022.01.31"]
[SourceVersion "1"]
[SourceVersionDate "2022.01.31"]
[SourceQuality "1"]

1. e4 c5 2. Nf3 e6 3. d4 cxd4 4. Nxd4 Nc6 5. Nxc6 bxc6 6. Nc3 Bb4 7. Bd2 Qa5 8. a3 Bd6 9. Bc4 Qc5 10. Ba2 Nf6 11. 0-0 Ba6 12. Re1 0-0 13. Be3 Qe5 14. f4 Qh5 15. Qxd6 Ng4 16. h3 f5 17. Qxd7 Rad8 18. Qxe6+ Kh8 19. Qxc6 Nxe3 20. Qxa6 Nxc2 21. Qxa7 Qh4 22. Qf2 Qxf2+ 23. Kxf2 Nxa1 24. Rxa1 Rd2+ 25. Kf3 Rxb2 26. exf5 Rxf5 27. Rd1 h6 28. Rd8+ Kh7 29. Bb1 Rxb1 30. Nxb1 Rb5 31. Rd1 Rb3+ 32. Kg4 Rb2 33. g3 g6 34. h4 h5+ 35. Kh3 Kg7 36. Nd2 Rc2 37. g4 Rc3+ 38. Kg2 Rxa3 39. Ne4 Ra2+ 40. Kf3 Ra3+ 41. Ke2 hxg4 42. Rg1 Ra2+ 43. Kd3 Ra3+ 44. Kc2 Kh6 45. Rxg4 Kh5 46. Nf6+ Kh6 47. Rg1 Ra6 48. Ng8+ Kh5 49. Ne7 Kxh4 50. Nxg6+ Kh5 51. f5 Rd6 52. Kc3 Kh6 53. Kc4 Rf6 54. Ne7 Rf7 55. Rg6+ Kh5 56. Re6 Kg5 57. Kd5 Kf4 58. Kd6 Kg5 59. Ke5 Rf8 60. Rg6+ Kh5 61. f6 Re8 62. Kf5 Kh4 63. f7 Rf8 64. Kf4 Rxf7+ 65. Ke5 Rxe7+ 66. Kf6 Rb7 67. Kf5 Rb5+ 68. Ke4 Kh5 69. Rg1 Rg5 70. Rxg5+ Kxg5 1/2-1/2